Prenos širokopásmových a Triple Play služieb v sieťach IP

Gespeichert in:
Bibliographische Detailangaben
1. Verfasser: Petráš, Slavomír (Verfasst von)
Weitere Verfasser: Hlubocký, Rastislav (Betreuung Doktorarbeit), Róka, Rastislav, 1972- (Betreuung Doktorarbeit)
Format: Manuskript Buch
Sprache:Slowakisch
Veröffentlicht: Bratislava : STU v Bratislave FEI, 2008
Schlagworte:
Tags: Tag hinzufügen
Keine Tags, Fügen Sie das erste Tag hinzu!

MARC

LEADER 00000ntm a22000003a 4500
001 stu170603
005 20160719165114.8
008 080929s2008------------------------slo-d
040 |a STU  |b slo 
041 0 |a slo 
100 1 |a Petráš, Slavomír  |4 aut 
245 1 |a Prenos širokopásmových a Triple Play služieb v sieťach IP 
260 |a Bratislava :  |b STU v Bratislave FEI,  |c 2008 
300 |a 76 s  |c príl. 23 s. 
650 7 |a Telekomunikácie  |2 stusub 
650 7 |a IP siete  |2 stusub 
650 7 |a triple play  |2 estusub 
700 1 |a Hlubocký, Rastislav  |4 ths 
700 1 |a Róka, Rastislav,  |d 1972-  |4 ths  |u E070  |U FEI Fakulta elektrotechniky a informatiky  |T FEI Ústav telekomunikácií  |X 1946  |U E070  |Y 818  |7 A000001946